World Capitals - Their Real Names - Statistics

General Stats
  • This quiz has been taken 42 times
  • The average score is 4 of 9
Answer Stats
Answer % Correct
Krungthepmahanakhonamonrattanakosinmahintharayuthaya Mahadilokphopnoppharatratchathaniburiromudomratchaniwetmahasa Thanamonpimanawatansathitsakkathattiyawitsanukamprasit: {Bangkok}
86%
Nuestra Señora de {La} {Paz}
67%
Nuestra Señora Santa María de la {Asuncion}
58%
Santiago de León de {Caracas}
53%
San Francisco de {Quito}
44%
{Santo} {Domingo} de Guzmán
39%
La Nueva {Guatemala} de la Asunción
25%
{Tokyo} Metropolis
22%
Special Capital Region of {Jakarta}
8%
No matching quizzes found
Score Distribution
Percent of People with Each Score
Percentile by Number Answered
Your Score History
You have not taken this quiz